000 00954nas a2200313 4500
001 BR9001122
003 BR-BrBNA
005 20231205091829.0
007 ta
008 230509b bl.|||p| |||| 00| 00por d
040 _aBR-BrBNA
_bpor
_cBiblioteca Nacional de Agricultura
041 _a(Pt)
072 _aL02; L51; Q54
100 1 _aCruz, F.G.G.
100 1 _aCosta, P.T.C.
100 1 _aLopes, J.M.
100 1 _aToledo, G.S.P. de
245 1 _aReducao dos niveis de fosforo inorganico na alimentacao de frangos de corte
246 1 _aReduction of inorganic phosphorus levels in broiler rations
650 _aFRANGO DE CORTE
650 _aDIETA
650 _aRACAO
650 _aGANHO DE PESO
650 _aFOSFORO
650 _aRIO GRANDE DO SUL
773 0 _tPesquisa Agropecuaria Brasileira (Brazil)
_xISSN 0100-204X
_g(Jan 1990), v. 25(1) p. 1-7
_wBR9001122
909 _a202311
_bLúcia
_c55
_dLúcia Elande
942 _2AGRIS
_n0
_cANA
999 _c127614
_d127614